[Event "TUR-ch Youth U17 2019"]
[Site "Belek"]
[Date "2019.01.24"]
[Round "7"]
[White "Gunduz, Umut Erdem"]
[Black "Turkmen, Ataberk"]
[Result "1-0"]
[WhiteElo "2255"]
[BlackElo "1856"]
[Annotator "NA"]
[PlyCount "93"]
[EventDate "2019.01.20"]
[EventType "swiss"]
[EventCountry "TUR"]
[SourceTitle "playchess.com"]
[Source "ChessBase"]
[SourceQuality "1"]
[TimeControl "5400+30"]

{[%evp 19,92,27,60,44,32767,83,69,30,43,32767,35,24,32767,62,91,96,106,32767,32767,132,32767,32767,201,32767,32767,32767,32767,175,32767,32767,32767,234,179,170,32767,126,164,123,120,-139,-174,-161,-117,-135,32767,32767,32767,-227,-42,-95,0,32767,0,32767,32767,32767,32767,32767,32767,32767,0,0,32767,-41,-43,32767,32767,32767,32767,-16,32767,32767,32767,32767,29972]} 1. e4 d6 {[%emt 0:00:30]} 2. d4 {[%emt 0:00:30]} Nf6 {[%emt 0:00:30]} 3. Nc3 {[%emt 0:00:30]} g6 {[%emt 0:00:30]} 4. f4 {[%emt 0:00:30]} Bg7 {[%emt 0:00:30]} 5. Nf3 {[%emt 0:00:00]} O-O {[%emt 0:03:30]} 6. e5 {[%emt 0:00:00]} dxe5 {[%emt 0:00:30]} 7. fxe5 {[%emt 0:00:00]} Nd5 {[%emt 0:00:30]} 8. Bc4 {[%emt 0:00:30]} Nb6 {[%emt 0:15:30]} 9. Bb3 {[%emt 0:00:00] B09: Pirc Defence: Austrian Attack} a5 {[%emt 0:15:30]} (9... Nc6 10. O-O Na5 11. h3 Nxb3 12. axb3 f6 13. Qe2 c6 14. Ne4 fxe5 15. dxe5 Nd5 16. c4 Nf4 17. Bxf4 Rxf4 {½-½ (37) Artemiev,V (2674)-Petrosian,T (2607) Moscow 2016}) 10. a4 {[%emt 0:00:30]} Na6 {[%emt 0:01:30]} 11. Be3 {[%emt 0:04:30]} Nb4 $146 {[%emt 0:03:30]} ({Predecessor:} 11... c6 12. Ne4 Nc7 13. c4 Na6 14. O-O Nb4 15. Qe2 Bf5 16. Nf2 Qc7 {1-0 (30) Ismagambetov,A (2548)-Dzhumaev,M (2493) Almaty 2015}) 12. O-O {[%emt 0:00:30]} N6d5 {[%emt 0:03:30]} 13. Qd2 {[%emt 0:01:30]} Nxe3 {[%emt 0:08:30]} 14. Qxe3 {[%emt 0:00:30]} c6 {[%emt 0:08:30]} 15. Ng5 {[%emt 0:14:30]} Nd5 {[%emt 1:05:30]} 16. Qf3 {[%emt 0:27:00]} e6 {[%emt 0:02:30]} 17. Nce4 {[%emt 0:05:30]} ({Not} 17. Nxf7 $2 Qe7 $17) 17... f6 {[%emt 0:06:30]} 18. exf6 {[%emt 0:13:30]} Bxf6 {[%emt 0:00:30]} 19. Nxf6+ {[%emt 0:01:30]} Rxf6 {[%emt 0:03:30]} 20. Qg3 {[%emt 0:00:30]} Rf5 {[%emt 0:03:16]} 21. Rxf5 {[%emt 0:01:30]} exf5 {[%emt 0:00:30]} 22. Qh4 {[%emt 0:00:00]} h5 {[%emt 0:02:27]} 23. Re1 {[%emt 0:04:00]} Kg7 {[%emt 0:05:50]} 24. Bxd5 {[%emt 0:03:30]} cxd5 {[%emt 0:00:40] [#]} 25. Qf4 {[%emt 0:02:30]} (25. Re6 $142 $1 {[%mdl 512]}) 25... Ra6 {[%emt 0:01:52]} 26. Qe5+ {[%emt 0:00:30]} Rf6 {[%emt 0:01:10]} 27. Re3 {[%emt 0:06:30]} Qd6 {[%emt 0:02:29]} 28. Qe8 {[%emt 0:00:30]} (28. Qe7+ $18 Qxe7 29. Rxe7+ Kf8 30. Rh7) 28... Rf8 {[%emt 0:01:33] [#]} 29. Re7+ $2 {[%emt 0:00:00]} (29. Qb5 $1 $16 {is necessary to keep the advantage.}) 29... Kg8 $1 {[%emt 0:00:04]} 30. h4 {[%emt 0:04:00] [#]} Rxe8 {[%emt 0:00:41]} (30... f4 $1 $19 31. Re5 Rxe8 32. Rxe8+ Kg7 33. Rxc8 Qb6) 31. Rxe8+ {[%emt 0:00:30]} Kg7 {[%emt 0:01:03]} 32. Rxc8 {[%emt 0:00:30]} Qg3 {[%emt 0:00:41]} 33. Nf3 {[%emt 0:00:30] [#]} (33. Rc7+ $17 {was the only defense.} Kf8 34. Rc8+ Ke7 35. Nf3) 33... Qf4 $2 {[%emt 0:01:29]} ({Black should try} 33... g5 $1 $19 {[%cal Rg5g4][%mdl 512]} 34. hxg5 (34. Nxg5 Qe1+) 34... h4) 34. b3 {[%emt 0:00:30] [#]} b6 {[%emt 0:01:43]} ({Black should try} 34... g5 $1 $17 {[%cal Rg5g4][%mdl 512]} 35. hxg5 (35. Nxg5 Qxd4+) 35... h4) 35. Kf2 {[%emt 0:00:30]} Qe4 {[%emt 0:01:38]} 36. Rc7+ {[%emt 0:00:30]} Kf8 {[%emt 0:00:14]} 37. Rc6 {[%emt 0:00:30]} f4 {[%emt 0:01:23]} 38. Kg1 {[%emt 0:01:30]} Kg7 {[%emt 0:01:37]} 39. Kh2 {[%emt 0:00:00]} Kf8 {[%emt 0:00:06]} 40. Rc8+ {[%emt 0:01:00]} Kg7 {[%emt 0:00:23]} 41. c4 {[%emt 0:00:30] [#]} dxc4 {[%emt 0:00:51]} (41... Qc2 $1 $17 42. Rc7+ Kf8 43. Rc8+ Ke7) 42. bxc4 {[%emt 0:00:00]} Qc2 {[%emt 0:00:04]} 43. Rc7+ {[%emt 0:00:00]} Kf8 {[%emt 0:00:14]} 44. d5 $1 {[%emt 0:01:30]} Qxa4 {[%emt 0:01:20]} 45. d6 {[%emt 0:00:30]} Qb4 {[%emt 0:00:19]} 46. Rc8+ {[%emt 0:00:00]} Kg7 {[%emt 0:00:20]} 47. d7 {[%emt 0:00:00]} 1-0

[Event "TUR-ch Youth U17 2019"]
[Site "Belek"]
[Date "2019.01.24"]
[Round "7"]
[White "Aytekin, Murat Eren"]
[Black "Acar, Utku Cengiz"]
[Result "1/2-1/2"]
[WhiteElo "2163"]
[BlackElo "2078"]
[Annotator "NA"]
[PlyCount "72"]
[EventDate "2019.01.20"]
[EventType "swiss"]
[EventCountry "TUR"]
[SourceTitle "playchess.com"]
[Source "ChessBase"]
[SourceQuality "1"]
[TimeControl "5400+30"]

1. d4 Nf6 {[%emt 0:00:30]} 2. c4 {[%emt 0:00:30]} g6 {[%emt 0:00:30]} 3. Nc3 {[%emt 0:00:30]} Bg7 {[%emt 0:00:00]} 4. e4 {[%emt 0:00:00]} d6 {[%emt 0:00:00]} 5. f3 {[%emt 0:00:00]} O-O {[%emt 0:01:30]} 6. Be3 {[%emt 0:00:00]} c5 {[%emt 0:00:30]} 7. d5 {[%emt 0:00:00]} e6 {[%emt 0:08:30]} 8. Qd2 {[%emt 0:00:00]} exd5 {[%emt 0:02:30]} 9. cxd5 {[%emt 0:00:00]} a6 {[%emt 0:03:30]} 10. a4 {[%emt 0:00:30]} Nbd7 {[%emt 0:03:30]} 11. Nh3 {[%emt 0:02:00]} Ne5 {[%emt 0:10:30] A65: Modern Benoni: 6 e4} (11... Qa5 12. Ra3 Ne8 13. Be2 Ne5 14. Nf2 f5 15. O-O Nf6 16. exf5 Bxf5 17. h3 Rae8 18. Bh6 Bxh6 19. Qxh6 {0-1 (46) Bocharov,D (2576)-Shimanov,A (2623) Astana 2017}) 12. Nf2 {[%emt 0:00:30]} h5 {[%emt 0:00:30]} 13. Be2 {[%emt 0:02:30]} Nh7 {[%emt 0:02:30]} 14. O-O {[%emt 0:05:30]} f5 {[%emt 0:07:30]} 15. exf5 {[%emt 0:08:30]} Bxf5 {[%emt 0:04:30]} 16. Nfe4 {[%emt 0:05:30]} Qe7 $146 {[%emt 0:05:30]} ({Predecessor:} 16... Nf7 17. Kh1 Qe7 18. Rae1 {½-½ (67) Rolvag,M (2162)-Mikkelsen,N (2418) Helsingor 2013}) 17. Rae1 {[%emt 0:05:30]} Rae8 {[%emt 0:53:30]} 18. Ng3 {[%emt 0:39:00]} Qh4 {[%emt 0:12:30]} 19. Nce4 {[%emt 0:10:30]} Bxe4 {[%emt 0:09:30]} 20. Nxe4 {[%emt 0:01:30]} Ng4 {[%emt 0:01:30]} 21. fxg4 {[%emt 0:00:30]} Rxe4 {[%emt 0:00:00]} 22. Rxf8+ {[%emt 0:01:30]} Nxf8 {[%emt 0:03:00]} 23. Bf2 {[%emt 0:06:30]} Qf6 {[%emt 0:01:30]} 24. gxh5 {[%emt 0:06:30]} gxh5 {[%emt 0:00:00]} 25. Bxh5 {[%emt 0:00:30]} Rxa4 {[%emt 0:02:23]} 26. b3 {[%emt 0:06:30]} Ra1 {[%emt 0:05:08]} 27. h4 {[%emt 0:04:30]} b5 {[%emt 0:04:18]} 28. Bg4 {[%emt 0:10:03]} a5 {[%emt 0:02:05]} 29. Rxa1 {[%emt 0:03:17]} Qxa1+ {[%emt 0:00:18]} 30. Kh2 {[%emt 0:01:01]} a4 {[%emt 0:00:52]} 31. bxa4 {[%emt 0:00:21]} bxa4 $11 {[%emt 0:01:04]} 32. Bg3 {[%emt 0:03:58]} a3 {[%emt 0:03:25]} 33. Be6+ {[%emt 0:00:50]} Kh8 {[%emt 0:03:28]} 34. Qe2 {[%emt 0:03:22]} Qb1 {[%emt 0:01:00]} 35. Qh5+ {[%emt 0:02:45]} Qh7 {[%emt 0:00:02]} 36. Qe2 {[%emt 0:00:33]} Qb1 {[%emt 0:00:15]} 1/2-1/2

[Event "TUR-ch Youth U17 2019"]
[Site "Belek"]
[Date "2019.01.24"]
[Round "7"]
[White "Kocyigit, Buse Naz"]
[Black "Akti, Ezgi"]
[Result "1-0"]
[WhiteElo "2043"]
[BlackElo "1713"]
[Annotator "NA"]
[PlyCount "129"]
[EventDate "2019.01.20"]
[EventType "swiss"]
[EventCountry "TUR"]
[SourceTitle "playchess.com"]
[Source "ChessBase"]
[SourceQuality "1"]
[TimeControl "5400+30"]

1. e4 e5 {[%emt 0:00:30]} 2. Nf3 {[%emt 0:00:00]} Nc6 {[%emt 0:00:30]} 3. Bb5 {[%emt 0:00:00]} a6 {[%emt 0:00:30]} 4. Ba4 {[%emt 0:00:30]} Nf6 {[%emt 0:00:30]} 5. O-O {[%emt 0:00:00]} d6 {[%emt 0:17:30]} 6. Re1 {[%emt 0:08:30]} b5 {[%emt 0:04:30]} 7. Bb3 {[%emt 0:00:30]} Be7 {[%emt 0:01:30]} 8. c3 {[%emt 0:00:00]} O-O {[%emt 1:08:30]} 9. h3 {[%emt 0:00:30]} Nb8 {[%emt 0:00:00]} 10. d4 {[%emt 0:00:00]} Nbd7 {[%emt 0:00:00]} 11. Nbd2 {[%emt 0:00:00]} Bb7 {[%emt 0:00:00]} 12. Bc2 {[%emt 0:00:00]} Re8 {[%emt 0:00:00]} 13. a4 {[%emt 0:00:00] LiveBook: 578 Games} c5 {[%emt 0:00:00]} 14. d5 {[%emt 0:00:00]} Bf8 {[%emt 0:00:00] C95: Closed Ruy Lopez: Breyer Variation with 10 d4} (14... c4 15. b3 cxb3 16. Nxb3 Qc7 17. Be3 Nb6 18. Nbd2 Nfd7 19. axb5 {½-½ (19) Areshchenko,A (2678)-Efimenko,Z (2651) Rivne 2016}) 15. b3 {[%emt 0:00:00]} g6 {[%emt 0:00:00]} 16. Bd3 {[%emt 0:00:00]} b4 {[%emt 1:08:00]} 17. c4 $146 {[%emt 0:40:30]} ({Predecessor:} 17. cxb4 cxb4 18. a5 Nc5 19. Bc2 Bc8 20. Nc4 Rb8 21. Bd2 Qc7 {½-½ (29) Georgiev,K (2440)-Kolev,A Pernik 1983}) 17... Nh5 {[%emt 0:04:30]} 18. g3 {[%emt 0:01:30]} Bc8 $11 {[%emt 0:02:30]} 19. Nf1 {[%emt 0:16:30]} Bg7 {[%emt 0:04:42]} 20. Ra2 {[%emt 0:02:30]} Nf8 {[%emt 0:02:06]} 21. Kg2 {[%emt 0:05:30]} Qd7 {[%emt 0:04:33]} 22. Ng1 {[%emt 0:00:00]} Ra7 {[%emt 0:04:09]} 23. Nh2 {[%emt 0:01:00]} Qd8 {[%emt 0:05:27]} 24. f4 {[%emt 0:19:50]} exf4 {[%emt 0:00:15]} 25. g4 {[%emt 0:01:40]} Nf6 {[%emt 0:00:40]} 26. Bxf4 {[%emt 0:00:13]} Rae7 {[%emt 0:00:32]} 27. Rae2 {[%emt 0:01:41]} Qc7 {[%emt 0:00:27]} 28. Ngf3 {[%emt 0:01:56]} N6d7 {[%emt 0:01:15]} 29. Bg5 {[%emt 0:02:42]} f6 {[%emt 0:00:10]} 30. Bh4 {[%emt 0:00:23]} g5 {[%emt 0:00:33]} 31. Bg3 {[%emt 0:00:57]} Ng6 {[%emt 0:00:33]} 32. e5 {[%emt 0:08:07]} Ndxe5 {[%emt 0:00:41]} 33. Bxe5 {[%emt 0:00:02]} Nxe5 {[%emt 0:01:18]} 34. Nxe5 {[%emt 0:00:15]} Rxe5 {[%emt 0:03:20]} 35. Rxe5 {[%emt 0:00:30]} Rxe5 {[%emt 0:00:30]} 36. Rxe5 {[%emt 0:00:30]} fxe5 {[%emt 0:00:30]} 37. Qf3 {[%emt 0:00:30]} Qe7 {[%emt 0:00:30]} 38. Qe4 {[%emt 0:00:30]} Bf6 {[%emt 0:00:30]} 39. Nf1 {[%emt 0:01:33]} Bd7 {[%emt 0:01:10]} 40. Ng3 {[%emt 0:00:38]} Be8 {[%emt 0:00:30]} 41. Qf5 {[%emt 0:00:30]} Bd7 {[%emt 0:00:30]} 42. Qf3 {[%emt 0:00:30]} Be8 {[%emt 0:00:30]} 43. Ne4 {[%emt 0:00:36]} Kg7 {[%emt 0:00:30]} 44. Ng3 {[%emt 0:00:23]} Bg6 {[%emt 0:00:27]} 45. Bf5 {[%emt 0:00:30]} a5 {[%emt 0:00:30]} 46. Ne4 {[%emt 0:00:30]} Qd8 {[%emt 0:00:18]} 47. Ng3 {[%emt 0:00:55]} Qe7 {[%emt 0:00:30]} 48. Qe4 {[%emt 0:00:30]} Qe8 {[%emt 0:00:30]} 49. Qf3 {[%emt 0:00:05]} Qd8 {[%emt 0:01:01]} 50. Ne4 {[%emt 0:00:30]} Qe7 {[%emt 0:00:30]} 51. Ng3 {[%emt 0:00:30]} Qd8 {[%emt 0:00:30]} 52. Be4 {[%emt 0:00:25]} Qd7 {[%emt 0:00:18]} 53. Nf5+ {[%emt 0:00:35]} Bxf5 {[%emt 0:00:24]} 54. Bxf5 {[%emt 0:00:30]} Qe7 {[%emt 0:00:17]} 55. Qe4 {[%emt 0:00:23]} h6 {[%emt 0:00:18]} 56. Bg6 {[%emt 0:00:18]} Kf8 {[%emt 0:00:52]} 57. Bh5 {[%emt 0:00:35]} Bh8 {[%emt 0:00:43]} 58. Qg6 {[%emt 0:00:45]} e4 {[%emt 0:00:27]} 59. Qf5+ {[%emt 0:00:55]} Bf6 {[%emt 0:00:16]} 60. Kf2 {[%emt 0:00:05]} e3+ {[%emt 0:00:36]} 61. Ke2 {[%emt 0:00:16]} Kg7 {[%emt 0:00:31]} 62. Qg6+ {[%emt 0:00:43]} Kf8 {[%emt 0:00:01]} 63. Qxh6+ {[%emt 0:00:24]} Bg7 {[%emt 0:00:30]} 64. Qg6 {[%emt 0:00:00]} Qe5 {[%emt 0:00:10]} 65. Qf7# {[%emt 0:00:00]} 1-0

[Event "TUR-ch Youth U17 2019"]
[Site "Belek"]
[Date "2019.01.24"]
[Round "7"]
[White "Kirilmaz, Emre"]
[Black "Yungucu, Arda"]
[Result "1-0"]
[WhiteElo "2035"]
[BlackElo "1943"]
[Annotator "NA"]
[PlyCount "56"]
[EventDate "2019.01.20"]
[EventType "swiss"]
[EventCountry "TUR"]
[SourceTitle "playchess.com"]
[Source "ChessBase"]
[SourceQuality "1"]
[TimeControl "5400+30"]

1. d4 Nf6 2. c3 g6 3. Bg5 Bg7 4. Nd2 O-O 5. e4 c5 6. dxc5 Qc7 7. Be3 Na6 8. b4 b6 9. Qa4 bxc5 10. Bxa6 Bxa6 11. Qxa6 cxb4 12. cxb4 Nxe4 13. Rd1 Nc3 14. Rc1 Qb8 15. a3 d5 16. Ngf3 Nb5 17. Rc5 {[%emt 0:32:30]} Nc7 {[%emt 1:12:30]} 18. Qa5 {[%emt 0:04:30]} Ne6 $18 {[%emt 0:01:30]} 19. Rxd5 {[%emt 0:00:00]} Nf4 {[%emt 0:00:30]} 20. Bxf4 {[%emt 0:01:00]} Qxf4 {[%emt 0:00:00]} 21. O-O {[%emt 0:00:00]} e6 {[%emt 0:01:00]} 22. Rd7 {[%emt 0:00:00]} e5 {[%emt 0:00:00]} 23. Qd5 {[%emt 0:01:30]} a5 {[%emt 0:02:00]} 24. b5 {[%emt 0:00:30]} Rab8 {[%emt 0:00:30]} 25. Rb1 {[%emt 0:00:30]} Qa4 {[%emt 0:01:30]} 26. Nxe5 {[%emt 0:03:30]} Bxe5 {[%emt 0:04:24]} 27. Qxe5 {[%emt 0:00:30]} Rbe8 {[%emt 0:00:09]} 28. Qd4 {[%emt 0:04:30]} Qxb5 {[%emt 0:00:53]} 1-0

[Event "TUR-ch Youth U17 2019"]
[Site "Belek"]
[Date "2019.01.24"]
[Round "7"]
[White "Guncan, Berke"]
[Black "Ozkurt, Kutay"]
[Result "0-1"]
[WhiteElo "2016"]
[BlackElo "1586"]
[Annotator "NA"]
[PlyCount "236"]
[EventDate "2019.01.20"]
[EventType "swiss"]
[EventCountry "TUR"]
[SourceTitle "playchess.com"]
[Source "ChessBase"]
[SourceQuality "1"]
[TimeControl "5400+30"]

1. Nf3 c5 {[%emt 0:00:30]} 2. g3 {[%emt 0:00:30]} Nc6 {[%emt 0:00:30]} 3. Bg2 {[%emt 0:00:30]} g6 {[%emt 0:00:00]} 4. O-O {[%emt 0:00:30]} Bg7 {[%emt 0:00:30]} 5. d3 {[%emt 0:03:30]} d6 {[%emt 0:01:00]} 6. e4 {[%emt 0:05:30]} e5 {[%emt 0:00:30]} 7. c3 {[%emt 0:15:30]} Nge7 {[%emt 0:00:30]} 8. Be3 {[%emt 0:01:30]} O-O {[%emt 0:02:30]} 9. Na3 {[%emt 0:01:30]} Bg4 {[%emt 0:07:30]} 10. h3 {[%emt 0:05:30]} Bxf3 11. Bxf3 Kh8 $146 {A04: Unusual lines after 1 Nf3 and King's Indian Attack} ({Predecessor:} 11... Qd7 12. Bg2 b6 13. Nc2 d5 14. exd5 Nxd5 15. Qf3 Rad8 16. Rad1 {½-½ (16) Schwarz,M (2390)-Danner,G (2440) Budapest 1994}) 12. Bg2 f5 13. f4 Rb8 14. Nc2 Qd7 15. Kh2 Rbe8 16. Qd2 {[%emt 1:00:00]} b6 {[%emt 0:33:00]} 17. d4 {[%emt 0:00:30]} cxd4 {[%emt 0:00:30]} 18. cxd4 {[%emt 0:00:30]} exd4 {[%emt 0:01:30]} 19. Nxd4 {[%emt 0:02:30]} fxe4 {[%emt 0:00:30]} 20. Bxe4 {[%emt 0:00:30]} d5 {[%emt 0:00:00]} 21. Bf3 {[%emt 0:07:30]} Nxd4 {[%emt 0:01:00]} 22. Bxd4 {[%emt 0:00:30]} Nf5 {[%emt 0:00:30]} 23. Bf2 {[%emt 0:05:30]} d4 {[%emt 0:02:30]} 24. Rac1 {[%emt 0:04:30]} Qb5 {[%emt 0:00:30]} 25. Rfe1 {[%emt 0:03:05]} Rc8 {[%emt 0:00:30]} 26. Rcd1 {[%emt 0:06:20]} Ne3 {[%emt 0:02:30]} 27. Bxe3 {[%emt 0:00:30]} dxe3 {[%emt 0:00:00]} 28. Rxe3 {[%emt 0:00:11]} Qxb2 {[%emt 0:00:00]} 29. Qxb2 {[%emt 0:01:11]} Bxb2 {[%emt 0:00:30]} 30. Re7 {[%emt 0:00:11]} Rc2+ {[%emt 0:00:30]} 31. Kh1 {[%emt 0:03:02]} Rc1 {[%emt 0:11:30]} 32. Rxa7 {[%emt 0:02:11]} Rxd1+ {[%emt 0:00:30]} 33. Bxd1 {[%emt 0:00:00]} Rd8 {[%emt 0:00:30]} 34. Bb3 {[%emt 0:00:25]} Bd4 {[%emt 0:00:00]} 35. Kg2 {[%emt 0:00:18]} Bc5 {[%emt 0:00:00]} 36. g4 {[%emt 0:02:40]} Rd2+ {[%emt 0:02:30]} 37. Kg3 {[%emt 0:01:21]} Rd3+ {[%emt 0:00:30]} 38. Kg2 {[%emt 0:01:16]} Rd2+ {[%emt 0:00:00]} 39. Kf3 {[%emt 0:02:24]} Rd3+ {[%emt 0:00:00]} 40. Ke4 {[%emt 0:00:00]} Rxh3 {[%emt 0:00:30]} 41. Ra8+ {[%emt 0:00:40]} Kg7 {[%emt 0:00:30]} 42. Rg8+ {[%emt 0:01:15]} Kf6 {[%emt 0:00:00]} 43. g5+ {[%emt 0:00:08]} Ke7 {[%emt 0:00:00]} 44. Kd5 {[%emt 0:00:52]} Rd3+ {[%emt 0:00:30]} 45. Kc6 {[%emt 0:00:08]} Rd6+ {[%emt 0:01:30]} 46. Kc7 {[%emt 0:01:15]} Rd7+ {[%emt 0:00:30]} 47. Kc6 {[%emt 0:00:19]} Rd6+ {[%emt 0:00:00]} 48. Kb5 {[%emt 0:00:31]} Rd7 {[%emt 0:00:00]} 49. a4 {[%emt 0:00:41]} Kd6 {[%emt 0:00:30]} 50. Rf8 {[%emt 0:00:35]} Kc7 {[%emt 0:00:30]} 51. Rf6 {[%emt 0:00:35]} Rd4 {[%emt 0:01:30]} 52. Bc4 {[%emt 0:01:00]} Rd1 {[%emt 0:00:30]} 53. Rf7+ {[%emt 0:00:19]} Rd7 {[%emt 0:00:30]} 54. Rf6 {[%emt 0:00:25]} Rd1 {[%emt 0:00:30]} 55. Rf7+ {[%emt 0:00:30]} Rd7 {[%emt 0:00:00]} 56. Rf6 {[%emt 0:00:21]} Rd1 {[%emt 0:00:00]} 57. Ka6 {[%emt 0:00:07]} Rd8 {[%emt 0:00:30]} 58. Rf7+ {[%emt 0:00:55]} Rd7 {[%emt 0:00:00]} 59. Rf6 {[%emt 0:00:47]} Rd8 {[%emt 0:00:00]} 60. Bb3 {[%emt 0:00:16]} Rd4 {[%emt 0:02:30]} 61. f5 {[%emt 0:00:47]} gxf5 {[%emt 0:04:30]} 62. Rxf5 {[%emt 0:00:32]} Rb4 {[%emt 0:00:30]} 63. Rf7+ {[%emt 0:00:31]} Kd6 {[%emt 0:00:30]} 64. Rf3 {[%emt 0:00:58]} Rg4 {[%emt 0:00:00]} 65. Rf6+ {[%emt 0:00:17]} Kc7 {[%emt 0:00:00]} 66. Rf7+ {[%emt 0:00:39]} Kc6 {[%emt 0:00:30]} 67. Rf5 {[%emt 0:00:00]} Rb4 {[%emt 0:01:30]} 68. Bd1 {[%emt 0:00:13]} Rd4 {[%emt 0:00:30]} 69. Bf3+ {[%emt 0:01:11]} Kc7 {[%emt 0:00:00]} 70. Rf7+ {[%emt 0:00:18]} Rd7 {[%emt 0:00:00]} 71. Rf6 {[%emt 0:00:00]} Rd4 {[%emt 0:00:30]} 72. Rf7+ {[%emt 0:00:51]} Rd7 {[%emt 0:00:30]} 73. Rf6 {[%emt 0:00:30]} Rd4 {[%emt 0:00:00]} 74. a5 {[%emt 0:00:23]} Ra4 {[%emt 0:02:00]} 75. Rf7+ {[%emt 0:00:11]} Kd6 {[%emt 0:00:30]} 76. Rxh7 {[%emt 0:01:07]} Rxa5+ {[%emt 0:00:30]} 77. Kb7 {[%emt 0:00:30]} b5 {[%emt 0:00:00]} 78. Rh2 {[%emt 0:00:45]} Ra7+ {[%emt 0:01:00]} 79. Kb8 {[%emt 0:00:06]} Rg7 {[%emt 0:00:30]} 80. Rg2 {[%emt 0:00:37]} Bd4 {[%emt 0:00:30]} 81. g6 {[%emt 0:00:47]} b4 {[%emt 0:00:30]} 82. Bd1 {[%emt 0:00:30]} Kc6 {[%emt 0:00:30]} 83. Bb3 {[%emt 0:00:00]} Bc3 {[%emt 0:07:30]} 84. Kc8 {[%emt 0:00:36]} Bf6 {[%emt 0:04:30]} 85. Bf7 {[%emt 0:00:30]} Kb5 {[%emt 0:00:30]} 86. Kd7 {[%emt 0:00:30]} b3 {[%emt 0:00:30]} 87. Ke6 {[%emt 0:00:34]} Bc3 {[%emt 0:00:30]} 88. Kf5 {[%emt 0:00:48]} b2 {[%emt 0:01:30]} 89. Rg1 {[%emt 0:00:26]} Kb4 {[%emt 0:00:30]} 90. Rg4+ {[%emt 0:00:58]} Ka3 {[%emt 0:00:30]} 91. Rg1 {[%emt 0:00:00]} Kb4 {[%emt 0:00:30]} 92. Ke4 {[%emt 0:00:00]} Bf6 {[%emt 0:03:30]} 93. Kd3 {[%emt 0:00:15]} Kc5 {[%emt 0:00:30]} 94. Kc2 {[%emt 0:00:09]} Kd6 {[%emt 0:00:30]} 95. Rd1+ {[%emt 0:00:30]} Ke7 {[%emt 0:00:30]} 96. Re1+ {[%emt 0:00:00]} Kd7 {[%emt 0:00:30]} 97. Re4 {[%emt 0:00:00]} Kc7 {[%emt 0:00:30]} 98. Kb1 {[%emt 0:00:13]} Kd7 {[%emt 0:00:30]} 99. Re1 {[%emt 0:00:07]} Kc7 {[%emt 0:00:00]} 100. Re6 {[%emt 0:00:51]} Bd4 {[%emt 0:00:00]} 101. Re7+ {[%emt 0:00:00]} Kd6 {[%emt 0:01:30]} 102. Re1 {[%emt 0:00:06]} Kc7 {[%emt 0:00:00]} 103. Kc2 {[%emt 0:00:10]} Bf6 {[%emt 0:00:00]} 104. Rf1 {[%emt 0:00:00]} Be5 {[%emt 0:00:30]} 105. Kd3 {[%emt 0:00:00]} Kd6 {[%emt 0:00:30]} 106. Ke4 {[%emt 0:00:00]} Bc3 {[%emt 0:00:30]} 107. Kf5 {[%emt 0:00:47]} Ke7 {[%emt 0:01:30]} 108. Kg4 {[%emt 0:00:30]} Bf6 {[%emt 0:02:30]} 109. Re1+ {[%emt 0:00:00]} Kd7 {[%emt 0:00:00]} 110. Kh5 {[%emt 0:00:00]} Bc3 {[%emt 0:01:00]} 111. Rf1 {[%emt 0:00:08]} Be5 {[%emt 0:00:30]} 112. Kh6 {[%emt 0:06:53]} Ke7 {[%emt 0:00:30]} 113. Re1 $11 {[%emt 0:00:07]} Kf6 {[%emt 0:00:30]} 114. Rf1+ {[%emt 0:00:36]} Ke7 {[%emt 0:00:30]} 115. Ba2 {[%emt 0:00:04]} Kd6 {[%emt 0:01:30]} 116. Rd1+ {[%emt 0:00:01]} Ke7 {[%emt 0:00:30]} 117. Rf1 {[%emt 0:01:02]} Bf6 {[%emt 0:00:30]} 118. Rf5 {[%emt 0:00:47]} Bd4 {[%emt 0:01:30]} 0-1

[Event "TUR-ch Youth U17 2019"]
[Site "Belek"]
[Date "2019.01.24"]
[Round "7"]
[White "Sahin, Hayrun Nisa"]
[Black "Catal, Uktenur"]
[Result "1/2-1/2"]
[WhiteElo "1743"]
[BlackElo "1854"]
[Annotator "NA"]
[PlyCount "66"]
[EventDate "2019.01.20"]
[EventType "swiss"]
[EventCountry "TUR"]
[SourceTitle "playchess.com"]
[Source "ChessBase"]
[SourceQuality "1"]
[TimeControl "5400+30"]

1. e4 e6 {[%emt 0:00:30]} 2. d4 {[%emt 0:00:30]} d5 {[%emt 0:00:30]} 3. Nd2 {[%emt 0:00:30]} dxe4 {[%emt 0:00:30]} 4. Nxe4 {[%emt 0:00:30]} Nd7 {[%emt 0:00:30]} 5. Nf3 {[%emt 0:00:30]} Ngf6 {[%emt 0:00:00]} 6. Nxf6+ {[%emt 0:01:30]} Nxf6 {[%emt 0:00:00]} 7. Bd3 {[%emt 0:00:30]} c5 {[%emt 0:00:00]} 8. dxc5 {[%emt 0:00:30]} Bxc5 {[%emt 0:00:30]} 9. Bb5+ {[%emt 0:09:30]} Bd7 {[%emt 0:07:00]} 10. Bxd7+ {[%emt 0:01:30]} Qxd7 {[%emt 0:00:30]} 11. Qxd7+ {[%emt 0:02:30]} Nxd7 {[%emt 0:01:30]} 12. Be3 {[%emt 0:08:30]} Bxe3 {[%emt 0:02:30]} 13. fxe3 {[%emt 0:00:30]} Ke7 {[%emt 0:00:30]} 14. O-O-O {[%emt 0:10:30]} Rhd8 {[%emt 0:04:00]} 15. Rd4 {[%emt 0:20:30]} Nb6 $11 {[%emt 0:24:30]} 16. Rhd1 {[%emt 1:08:00]} f6 {[%emt 0:04:30]} 17. Rh4 {[%emt 0:10:30]} Rxd1+ {[%emt 0:06:30]} 18. Kxd1 {[%emt 0:00:30]} Rd8+ {[%emt 0:00:30]} 19. Ke2 {[%emt 0:00:30]} h6 {[%emt 0:00:30]} 20. Nd4 {[%emt 0:03:44]} Kf7 {[%emt 0:18:30]} 21. Nb5 {[%emt 0:02:10]} a6 {[%emt 0:00:30]} 22. Nc3 {[%emt 0:00:08]} Nd5 {[%emt 0:00:30]} 23. Nxd5 {[%emt 0:00:38]} Rxd5 {[%emt 0:00:30]} 24. Rb4 {[%emt 0:00:37]} b5 {[%emt 0:00:30]} 25. a4 {[%emt 0:02:25]} Ke7 {[%emt 0:06:30]} 26. c4 {[%emt 0:03:43]} bxc4 {[%emt 0:00:30]} 27. Rxc4 {[%emt 0:00:06]} Kd6 {[%emt 0:01:30]} 28. b4 {[%emt 0:00:11]} Rg5 {[%emt 0:01:30]} 29. Kf3 {[%emt 0:02:29]} Rf5+ {[%emt 0:00:30]} 30. Ke2 {[%emt 0:00:39]} Rg5 {[%emt 0:00:30]} 31. Kf3 {[%emt 0:03:48]} Rf5+ {[%emt 0:06:30]} 32. Ke2 {[%emt 0:00:05]} Rg5 {[%emt 0:19:55]} 33. Kf3 {[%emt 0:00:05]} Ke5 {[%emt 0:00:11]} 1/2-1/2